THE BLACK SOX SCANDAL OF 1919 (Record no. 58824)
[ view plain ]
| 000 -LEADER | |
|---|---|
| fixed length control field | 00291nam a22001337a 4500 |
| 008 - FIXED-LENGTH DATA ELEMENTS--GENERAL INFORMATION | |
| fixed length control field | 221109b ||||| |||| 00| 0 eng d |
| 041 ## - LANGUAGE CODE | |
| Language code of text/sound track or separate title | eng |
| 080 ## - UNIVERSAL DECIMAL CLASSIFICATION NUMBER | |
| Universal Decimal Classification number | 91 |
| 082 ## - DEWEY DECIMAL CLASSIFICATION NUMBER | |
| Classification number | 91 ELI |
| 100 ## - Rafti | |
| Rafti | 19.2 |
| 101 ## - Shkurtesa | |
| Shkurtesa | GJEO |
| 245 ## - TITLE STATEMENT | |
| Title | THE BLACK SOX SCANDAL OF 1919 |
| Statement of responsibility, etc | ELISH D |
| 942 ## - ADDED ENTRY ELEMENTS (KOHA) | |
| Source of classification or shelving scheme | |
| Item type | Books |
| Withdrawn status | Lost status | Source of classification or shelving scheme | Damaged status | Not for loan | Collection code | Permanent location | Current location | Date acquired | Total Checkouts | Full call number | Barcode | Date last seen | Price effective from | Koha item type |
|---|---|---|---|---|---|---|---|---|---|---|---|---|---|---|
| Koleksioni i përgjithshem | UBT - Lipjan | UBT - Lipjan | 11/09/2022 | 91 ELI | 002-800028700260548 | 11/09/2022 | 11/09/2022 | Books | ||||||
| Koleksioni i përgjithshem | UBT - Lipjan | UBT - Lipjan | 11/09/2022 | 91 ELI | 002-800028700260549 | 11/09/2022 | 11/09/2022 | Books | ||||||
| Koleksioni i përgjithshem | UBT - Lipjan | UBT - Lipjan | 11/09/2022 | 91 ELI | 002-800028700260550 | 11/09/2022 | 11/09/2022 | Books |